000 00384nam a22001697a 4500
005 20160624160036.0
008 160624b xxu||||| |||| 00| 0 eng d
020 _a81-229-0174-3
041 _aeng
082 _b9874
100 _aFink, Conrad C
_92694
245 _aSports writing
260 _bSurjeet
_c2004
300 _a292
650 _aMass Communication
_92660
942 _cBK
999 _c3881
_d3880